01233nam a2200337Ia 4500001001100000003000800011006001900019007001500038008004100053010001700094020002800111040002100139035002000160050002500180082001500205100002100220245008600241260003400327300002500361490001700386504006600403533015200469650004000621650001200661655002900673700001800702710001700720830001800737856012500755999001500880ebr5008072CaPaEBRm u cr cn|||||||||990408s1999 nyua sb 001 0 eng d z 99015367  z0387987940 (alk. paper) aCaPaEBRcCaPaEBR a(OCoLC)5484937614aQA166.7b.Z66 1999eb04a511/.62211 aZong, Chuanming.10aSphere packingsh[electronic resource] /cChuanming Zong ; edited by John Talbot. aNew York :bSpringer,cc1999. axiii, 241 p. :bill.1 aUniversitext aIncludes bibliographical references (p. [219]-236) and index. aElectronic reproduction.bPalo Alto, Calif. :cebrary,d2013.nAvailable via World Wide Web.nAccess may be limited to ebrary affiliated libraries. 0aCombinatorial packing and covering. 0aSphere. 7aElectronic books.2local1 aTalbot, John.2 aebrary, Inc. 0aUniversitext.40uhttp://site.ebrary.com/lib/rucke/Doc?id=5008072zAn electronic book accessible through the World Wide Web; click to view c5247d5247